000 00392nam a22001457a 4500
999 _c7364
_d7362
005 20210904122829.0
008 200620b xxu||||| |||| 00| 0 eng d
082 _a349.405 CLJ
110 _aCRIMINAL LAW JOURNAL
_96260
245 _aCRIMINAL LAW JOURNAL [JANUARY] 2019 [ PART-1] [VOL-125]
260 _aMUMBAI
_bALL INDIA REPORTER
300 _a432;p
650 _aLAW
_95701
942 _cJRL